000
00276nam a2200109Ia 4500
008
200302s9999 xx 000 0 und d
100
_a
El Criquis
245
_a
Practicas Arquitectonicas Architectural Practices
260
_b
Euros in Spain
260
_c
2008
300
_a
313 P.,
999
_c
2657
_d
2657